|
|
|
|
| LEADER |
00000nam0a2200000 4500 |
| 001 |
361746 |
| 005 |
20231102011423.0 |
| 035 |
|
|
|a (RuTPU)RU\TPU\retro\19092
|
| 090 |
|
|
|a 361746
|
| 100 |
|
|
|a 20210701d1976 km y0rusy50 ca
|
| 101 |
0 |
|
|a rus
|
| 102 |
|
|
|a RU
|
| 105 |
|
|
|a a z 001zy
|
| 200 |
1 |
|
|a Проблемы формирования личности специалиста широкого профиля
|f Ленинградский инженерно-экономический институт им. Пальмиро Тольятти ; отв. ред. И. И. Сигов
|
| 210 |
|
|
|a Ленинград
|c Изд-во ЛИЭИ
|d 1976
|
| 215 |
|
|
|a 156 с.
|c ил.
|
| 225 |
1 |
|
|a Экономика и управление высшей школой
|
| 225 |
1 |
|
|a Труды Ленинградского Инженерно-экономического института
|v Вып. 113
|
| 320 |
|
|
|a Библиография в ссылках
|
| 606 |
1 |
|
|a Коммунистическое воспитание в вузе
|2 stltpush
|3 (RuTPU)RU\TPU\subj\14929
|9 41249
|
| 610 |
1 |
|
|a личность
|
| 610 |
1 |
|
|a специалисты
|
| 610 |
1 |
|
|a формирование
|
| 610 |
1 |
|
|a требования
|
| 610 |
1 |
|
|a модели
|
| 610 |
1 |
|
|a инженерно-экономическое образование
|
| 610 |
1 |
|
|a экономическое образование
|
| 610 |
1 |
|
|a высшее образование
|
| 686 |
|
|
|a Ч481.3
|v LBC/SL-A
|2 rubbk
|
| 702 |
|
1 |
|a Сигов
|b И. И.
|4 340
|
| 712 |
0 |
2 |
|a Ленинградский инженерно-экономический институт им. Пальмиро Тольятти
|c (1930-1991)
|2 stltpush
|3 (RuTPU)RU\TPU\col\2563
|9 23708
|
| 801 |
|
1 |
|a RU
|b 63413507
|c 20210701
|
| 801 |
|
2 |
|a RU
|b 63413507
|c 20211027
|g RCR
|
| 942 |
|
|
|c BK
|